000 00555nam a2200205Ia 4500
005 20250320013438.0
008 240331s9999 xx 000 0 und d
020 _a0884770184
082 _a302.23
_bCOM
_22066
245 0 _aCommunication and Class Struggle:
_b2. Liberation, Socialism
260 _aNew York,
_bInternational General
_c1983
300 _a446 p., (Volume 2)
650 _aLiberation
650 _aMedia
650 _aCommunication
650 _aSocialism
700 _aMattelart, A
_eedt
700 _aSiegelaub, S
_eedt
942 _cL
999 _c1108
_d1108